| 000 | 02585nam a2200433 a 4500 | ||
|---|---|---|---|
| 003 | Mxchpua | ||
| 005 | 20250506181822.0 | ||
| 007 | ta | ||
| 008 | 250116s2023 mx bdof |||| 001 0 spa d | ||
| 040 | _amxchpua | ||
| 090 |
_aT.C.933 _bM36 IA _c2023 |
||
| 245 | 1 |
_aReporte final de viaje de estudios del 05 de marzo – 17 de marzo / _ccoordinador Matías Manzano Zavala ; colaboradores Juan Antonio Antonio Martínez...[y otros] |
|
| 260 |
_aChapingo, México : _bEl autor, _c2023 |
||
| 300 |
_a1 recurso en línea (392 páginas) : _bilustraciones, mapas, gráficas, diagramas, tablas, fotos |
||
| 336 |
_2rdacontent _aTexto _btxt |
||
| 337 |
_2rdamedia _acomputadora _bc |
||
| 338 |
_2rdacarrier _acomputadora _bcr |
||
| 500 | _aGrado 4° : Grupo 5 Directorio: páginas 362-364 | ||
| 502 |
_aViaje de Estudios _b(IA) -- _cUACh. Departamento de Ingeniería Agroindustrial, _d2023 |
||
| 504 | _aIncluye bibliografías | ||
| 505 | 0 | 0 |
_aVisitas: _t1. Dulces Bernal -- 2. Agrovida Produce Noria Nueva S. A. de C. V. -- 3. Nutryplus S. A. P. I. de C. V. -- 4. Miel Ontiveros -- 5. Freixenet México -- 6. Rastro municipal 412, TIF Querétaro -- 7. Oly Granja & Quesería -- 8. La Chivita Celayense -- 9. Unión Ganadera Regional de Guanajuato -- 10. Fábrica de Cajeta "La Reyna" -- 11. Empacadora los Aguilares, Grupo U, Mr. Lucky -- 12. Cerveza Libertad -- 13. Harinera seis hermanos -- 14. José Cuervo -- 15. Rancho Miel Oro -- 16. Productos Arcángel -- 17. AVIBEL de México -- 18. Ovoalimentos Nutritivos SA de CV -- 19. Pures y Derivados de Nayarit S. de R. L. MI. |
| 650 | 1 | 3 |
_aIndustria del ganado y de la carne _zMéxico _9147829 |
| 650 | 1 | 3 |
_aIndustria de productos hortícolas _zMéxico _9156980 |
| 650 | 1 | 7 |
_aIndustria lechera _zMéxico _957847 |
| 650 | 1 | 3 |
_aEdulcorantes _xIndustria y comercio _zMéxico _9155253 |
| 650 | 1 | 3 |
_aIndustria de licores _zMéxico _9161687 |
| 650 | 1 | 3 |
_aIndustria del vino _zMéxico _9149529 |
| 650 | 1 | 3 |
_aIndustria del huevo _zMéxico _9150525 |
| 650 | 1 | 3 |
_aLivestock and meat industry _zMexico _9147830 |
| 650 | 1 | 3 |
_aHorticultural products industry _zMexico _9151427 |
| 650 | 1 | 3 |
_aDairy industry _zMexico _9152363 |
| 650 | 1 | 0 |
_aSweeteners _xIndustry and trade _zMexico _9155254 |
| 650 | 1 | 3 |
_aDistilling industry _zMexico _9150297 |
| 650 | 1 | 3 |
_aWine industry _zMexico _9149531 |
| 650 | 1 | 3 |
_aEgg industry _zMéxico _9150521 |
| 700 | 1 |
_aManzano Zavala, Matías _9185157 _ecoordinador |
|
| 700 | 1 |
_aAntonio Martínez, Juan Antonio _9189143 _ecolaborador |
|
| 856 | 4 | 0 |
_uhttp://10.13.5.2/ve/TC933_IA/TC933_IA_2023-REPORTE.pdf _yDESCARGAR REPORTE |
| 999 |
_c220336 _d220336 |
||